000 00964cab a2200241 4500
001 X2442
008 090401t1995 xxu||||| |||| 00| 0 eng d
035 _a(Sirsi) u24274
041 _aeng
245 _aGlengate-KG Properties Ltd v Norwich Union Fire Insurance Society and Scottish Union and National Insurance Company and Lowndes Lambert UK Ltd
260 _c1995
350 _a0
490 _aConstruction Law Journal
_v(1995) CLJ 233-246(7)
520 _aHigh Court of Justice Commercial Court 7 July 1994. Insurance - material damage and consequential loss policy - whether consequential loss caused by destruction of architects` drawings covered by policy taken out by developer - insurable interests - de minimis rule. (Journal abstract.)
650 _aARCHITECTS' DRAWINGS
650 _aCONSEQUENTIAL LOSS
650 _aDAMAGE
650 _aDOCUMENTS
650 _aFIRE
690 _aINSURANCE-CASE LAW
942 _n0
948 _c04/03/1997
999 _c16268
_d16268